000 00799namaa2200229 i 4500
001 178944
003 ES-MaACL
005 20251019063056.0
008 110810s1909 fr | |||| ||fre d
080 _a581.154
100 1 _aVries, Hugo de,
_d1848-1935
_9147585
245 1 0 _aEspèces et variétés
_b: leur naissance par mutation /
_cpar Hugo de Vries ; traduit de l'anglais par L. Blaringhem.
260 _aParis :
_bFélix Alcan,
_c1909.
300 _aVII, 548 p. ;
_c22 cm.
490 1 _aBibliothèque scientifique internationale ;
_v111
650 4 _aPlantas-
_xMutación.
_9147586
700 1 _aBlaringhem, L.
_929340
830 0 _aBibliothèque scientifique internationale ;
_v111
_9186949
852 _aES-MaACL
_jF-14439
999 _c178944
_d178944